000 00752cab a2200229 4500
001 WB2906-64
008 090401t1993 xxu||||| |||| 00| 0 eng d
035 _a(Sirsi) u48793
041 _aeng
245 _aEast Thames can bring jobs bonanza
260 _c1993
350 _a0
490 _aEvening Standard
_v5 February 1993, 16
490 _aIndependent on Sunday
_v7 February 1993, 4(2)
520 _aThe London Chamber of Commerce predicts that development of the East Thames corridor could boost economic revival. The DTp is drawing up plans for a new road bridge from Greenwich to Poplar.
650 _aBRIDGES
650 _aEAST THAMES CORRIDOR
650 _aLONDON
690 _aURBAN RENEWAL
942 _n0
948 _c04/03/1997
999 _c30639
_d30639